| 000 | 00586nam a2200181Ia 4500 | ||
|---|---|---|---|
| 008 | 100920s9999 xx 000 0 und d | ||
| 082 |
_b105056 _a891.463.1 न 08 |
||
| 100 | _aनरवणे सुधा. | ||
| 245 | _aते अठरा सेकंद. | ||
| 260 |
_bनिशिगंधा प्रकाशन,पुणे. _c2008 |
||
| 300 |
_a200 _bसाधी |
||
| 365 | _b200 | ||
| 520 | _aलघुकथा. | ||
| 630 | _aते अठरा सेकंद. | ||
| 650 | _aलघुकथा. | ||
| 730 | _aते अठरा सेकंद. | ||
| 942 | _cBOOK | ||
| 999 |
_c745487 _d745484 |
||